| 000 | 00365nam a22001337a 4500 | ||
|---|---|---|---|
| 020 | _a9780140280197 | ||
| 082 |
_a303.3 _bGRE |
||
| 100 | _aGreene, Robert | ||
| 245 |
_aThe 48 Laws of Power / _cRobert Greene |
||
| 260 |
_aNew York : _bPenguin Books, _c2000. |
||
| 300 |
_a452p. ; _c23 cm. |
||
| 942 |
_2ddc _cBK |
||
| 999 |
_c587935 _d587935 |
||